| 000 | 01553nam a22002297a 4500 | ||
|---|---|---|---|
| 999 |
_c60075 _d60075 |
||
| 003 | Ge_BSU | ||
| 005 | 20230605113952.0 | ||
| 008 | 230605s2018ge xxu||||| |||| 00| 0 geo d | ||
| 020 | _a9788301203085 | ||
| 041 | _ageo | ||
| 080 | _a769.2(479.22) ჯ-56 | ||
| 100 |
_aჯიშკარიანი, ნინო, ავტორი, შემდგენელი. _918468 |
||
| 245 |
_aქართული წიგნის ხელოვნება XX-XXI = Georgian Book Art XX-XXI : _b [ალბომი] / _cავტორი და შემდგენელი ნინო ჯიშკარიანი ; თარგმანი ნინო კაკიაშვილი ; რედაქტორი ნინო სვანიძე ; ფოტო: ანი გაბიძაშვილი [და სხვ.] ; დიზაინი სანდრო ჩხაიძე. |
||
| 264 |
_aWarszawa : _bPWN, _c 2018. |
||
| 300 |
_a220 გვ. : _b ილ., პორტრ. ; _c 29 სმ. |
||
| 546 | _aყდა, თავფურცელი და ტექსტი ქართ. და ინგლ. ენებზე. | ||
| 653 | _aქართული წიგნის ილუსტრაციები. | ||
| 700 |
_aკაკიაშვილი, ნონო _eმთარგმნელი _918469 |
||
| 700 |
_aსვანიძე, ნინო _e რედაქტორი _913337 |
||
| 700 |
_aგაბიძაშვილი, ანი _eფოტო და სხვ _918470 |
||
| 942 |
_2udc _cBK |
||